书目信息 |
| 题名: |
公路桥涵标准图:装配式预应力混凝土斜空心板桥上部构造
|
|
| 作者: | 中华人民共和国交通部 编 | |
| 分册: | ||
| 出版信息: | 北京 人民交通出版社 2000.01 |
|
| 页数: | 91页 | |
| 开本: | 8开 | |
| 丛书名: | ||
| 单 册: | ||
| 中图分类: | U488.14-64 | |
| 科图分类: | ||
| 主题词: | 道路--运输--工具 | |
| 电子资源: | ||
| ISBN: | ||
| 000 | 00690nam0 2200181 45 | |
| 001 | 1009080058 | |
| 005 | 20000910103115.1 | |
| 010 | @d150.00元 | |
| 100 | @a20100908d2000 km y0chiy0120 ea | |
| 101 | 0 | @achi |
| 200 | 1 | @a公路桥涵标准图:装配式预应力混凝土斜空心板桥上部构造@AGong Lu Qiao Han Biao Zhun Tu:Zhuang Pei Shi Yu Ying Li Hun Ning Tu Xie Kong Xin Ban Qiao Shang Bu Gou Zao@f中华人民共和国交通部编@FZhong Hua Ren Min Gong He Guo Jiao Tong Bu Bian |
| 210 | @a北京@c人民交通出版社@d2000.01 | |
| 215 | @a91页@d8开 | |
| 606 | 0 | @a道路@x运输@x工具 |
| 690 | @aU488.14-64@v3 | |
| 701 | 0 | @a中华人民共和国交通部@4编 |
| 801 | @aCN@bPftUser@c20100908 | |
| 905 | @b133245-246@dU488.14-64@eJ:072@f2 | |
| 公路桥涵标准图:装配式预应力混凝土斜空心板桥上部构造/中华人民共和国交通部编.-北京:人民交通出版社,2000.01 |
| 91页;8开 |
| ISBN :150.00元 |
| ● |
| 相关链接 |
|
|
|
正题名:公路桥涵标准图:装配式预应力混凝土斜空心
索取号:U488.14-64/J:072
 
预约/预借
| 序号 | 登录号 | 条形码 | 馆藏地/架位号 | 状态 | 备注 |
| 1 | 133254 | 201332548 | 自科库501/501自科库 54排6列1层/ [索取号:U488.14-64/J:072] | 在馆 | |
| 2 | 133255 | 201332557 | 自科库501/501自科库 54排6列1层/ [索取号:U488.14-64/J:072] | 在馆 |